000 00524nam a2200157 a 4500
001 000030822
005 20200930062530.0
008 110531s2012 dr 000 0 spa d
020 _a9789945006509
040 _aDO-SdBNP
_bspa
_cBNPHU
100 1 _aFranco, Leopordo
_957371
245 1 0 _aGénesis del estilo barroco romano en la arquitectura /
_cLeopoldo Franco.
260 _aSanto Domingo :
_bEditora Búho,
_c2012.
300 _a58 p. :
_bil., retrs. ;
_c29 cm.
500 _aIncluye datos biográficos del autor en la solapa
999 _c30314
_d30314